| 000 | 00576nam1a22002051i 4500 | ||
|---|---|---|---|
| 001 | rc\4281289 | ||
| 005 | 20240724140645.0 | ||
| 035 | _a(NLR Aleph) 008246142 | ||
| 090 |
_a8307100 _c8307100 |
||
| 100 | _a20130416d1960 |||y0rusy50 ca | ||
| 101 | 0 | _arus | |
| 102 | _aRU | ||
| 105 | _ay z ||||| | ||
| 200 | 1 | _aБиблиотечка партийного активиста | |
| 210 |
_aСмоленск _cКн. изд-во _d1960 |
||
| 215 |
_a9 бр. в обл.-папке _d14 |
||
| 801 | 0 |
_aRU _bNLR _gpsbo |
|
| 801 | 1 |
_aRU _bELAR _2rusmarc |
|
| 852 |
_aNLR _j60-1/960 |
||
| 942 | _cBOOK | ||